000 00996nam a22001935i 4500
001 162150
003 ES-MaACL
005 20250930063142.0
008 020429s1876 sp |||| | spa d
040 _aCAM
_bspa
_cCAM
100 0 _aPina, Mariano,
_d1820-1883
_992066
245 1 3 _aEl libre albedrío
_b: comedia en tres actos y en verso /
_coriginal de Mariano Pina.
260 _aMadrid :
_b[s.n.],
_c1876 (
_fImprenta de José Rodriguez)
300 _a84 p. ;
_c20 cm.
500 _aEn port.: Representada por primera vez en Madrid, en el teatro de la Comedia, el 4 de noviembre de 1876.
596 _aEn verso de port. consta: "... de la Administración lírico-dramática de Eduardo Hidalgo ..."
852 _aES-MaACL
_jF-8584(1)
_z-- Enc. pasta española
_z-- Dedicatoria ms. del autor al primer actor, Ramon Portes
_q-- Falto de la cub. original
_z-- Enc. en un vol. facticio formando parte de la col. facticia "Teatro español moderno", vol. 37
999 _c162150
_d162150